000 00295nam a2200133 i 4500
001 bg
100 1 _aMIROŃCZUK, Albin
245 0 _aPrawo pracy /
_cA. Mirończuk.
260 _aWarszawa,
_c1979.
040 _cBPK
041 _apol
942 _cKS
008 s pl f |000 0 pol
999 _c18859
_d18859
856 _uhttp://koha.tu.koszalin.pl/cgi-bin/koha/opac-detail.pl?biblionumber=18859
_yKatalog online BPK